000 00548nam a2200217 a 4500
999 _c7004
_d7004
001 7004
003 BD-JhCC
005 20180417174440.0
008 180203s1995 u a|||| || | 000 0 eng d
035 _a(BD-JhCC)7004
040 _aBD-JhCC
_dBD-JhCC
041 _aeng
082 _a338.9109049
_bWOR 1995
245 _aWorkers in an Integrating World /
_cThe World Bank
260 _aWashington :
_c1995
300 _a14 p. :
_bill. ;
_c30 cm.
650 _aDevoloping Contries
710 _aThe World Bank
942 _2ddc
_cBK